000 00695nam a2200289Ia 4500
005 20260324143217.0
008 008 260324s9999 xx 000 0 eng d
020 _a9780203136263
037 _aEBOOK
040 _aCRL
040 _beng
040 _cCRL
041 _2eng
041 _aeng
084 _qCRL
100 _aG A Kupshik; G. A. Kupshik; P. M. Murphy
_91214797
245 0 _aLoneliness, Stress and Well-Being
245 2 _bA Helper's Guide
260 _bTaylor and Francis
260 _c1992
365 _a
365 _b220
856 _uhttp://www.taylorfrancis.com/books/9780203136263
942 _cEBOOK
999 _c1819921
_d1819921